| 000 | 00424pab a2200169 454500 | ||
|---|---|---|---|
| 008 | 180718b2009 xxu||||| |||| 00| 0 eng d | ||
| 100 | _aNangia, Sudesh | ||
| 245 | _aHuman dimensions of globalisation as perceived in social sciences | ||
| 260 | _c2009 | ||
| 300 | _ap.47-56. | ||
| 362 | _aSep | ||
| 650 | _aSocial sciences | ||
| 650 | _aGlobalization | ||
| 773 | _aMan and Development | ||
| 908 | _aN | ||
| 909 | _a84511 | ||
| 999 |
_c84511 _d84511 |
||